| 000 | 00636cam a2200193 a 4500 | ||
|---|---|---|---|
| 020 | _a007135736X (acidfree paper) | ||
| 040 | _cDLC | ||
| 082 | 0 | 0 | _a428 MCG 2000 A023 Or. |
| 100 | 1 | _aMagnan, Robert. | |
| 245 | 1 | 0 |
_a1001 commonly misspelled words : _bwhat your spell checker won't tell you / |
| 246 | 3 | _aOne thousand one commonly misspelled words | |
| 246 | 3 | _aOne thousand and one commonly misspelled words | |
| 260 |
_aNew York : _bMcGraw-Hill, _cc2000. |
||
| 300 |
_axv, 278 p. ; _c23 cm. |
||
| 650 | 0 | _aSpellers. | |
| 700 | 1 | _aSantovec, Mary Lou, | |
| 856 | 4 | 2 | _uhttp://www.loc.gov/catdir/bios/mh041/00708940.html |
| 942 | _cEK | ||
| 999 |
_c13679 _d13679 |
||